| 000 | 00521nam a2200169 a 4500 | ||
|---|---|---|---|
| 001 | 000026635 | ||
| 005 | 20250217092805.0 | ||
| 008 | 110324s1996 dr 000 0 spa d | ||
| 040 |
_aDO-SdBNP _bspa _cBNPHU |
||
| 100 | 1 |
_aJuanes, Benigno _d1916-2009 _9442 |
|
| 245 | 1 | 0 |
_aCuración física, curación en equipo / _cBenigno Juanes. |
| 260 |
_aSanto Domingo : _bGuía para la Renovación Carismática Católica, _c1996. |
||
| 300 |
_a220 p. ; _c21 cm. |
||
| 490 | 1 | _aTorrentes | |
| 830 | 0 |
_aTorrentes _953752 |
|
| 049 | _aBNPD | ||
| 999 |
_c26127 _d26127 |
||